000 00653cam a22002293a 4500
001 39251
003 PGUSA
005 20140828083855.0
008 120324s2012||||xxu|||||s|||||000 | eng d
040 _aPGUSA
_beng
042 _adc
100 1 _aAeschylus,
_d-525--456
245 1 0 _aΠρομηθεύς Δεσμώτης
_h[electronic resource] /
_cAeschylus
260 _bProject Gutenberg,
_c2012
506 _aPublic domain in the USA.
516 _aElectronic text
700 1 _aZervos, Ioannis,
_d1875-1944
740 0 _aPrometheus Bound
830 0 _aProject Gutenberg
_v39251
856 4 0 _uhttp://www.gutenberg.org/ebooks/39251
942 _cEB
999 _c268504
_d268504